00408nam a2200133 i 4500001000300000245007100003260001200074650002600086040000800112041000800120080000700128008004100135856009800176bg00aBolsaja Sovetskaja Enciklopedija.nT. 26,pTichochodki - Uljanovo. aMoskva. 9aEncyklopedia rosyjska cBPK apol a03 s pl f |000 0 pol  uhttp://koha.tu.koszalin.pl/cgi-bin/koha/opac-detail.pl?biblionumber=18245yKatalog online BPK